Puesta en marcha, analisis y mantenimiento de la celda de manufactura
Na minha lista:
| Autor principal: | |
|---|---|
| Formato: | Livro |
| Publicado em: |
[San José, Costa Rica]
2010
|
| Assuntos: | |
| Tags: |
Adicionar Tag
Sem tags, seja o primeiro a adicionar uma tag!
|
MARC
| LEADER | 00000nam a2200000Ia 4500 | ||
|---|---|---|---|
| 003 | 010045 | ||
| 005 | 20221231144034.0 | ||
| 008 | 140114s2010 cr a 000 ||s d | ||
| 040 | |c cru CEDI | ||
| 090 | |a TFG 6215 | ||
| 100 | |a Obando Vargas, Gustavo |9 1735 | ||
| 245 | |a Puesta en marcha, analisis y mantenimiento de la celda de manufactura | ||
| 260 | |c 2010 |b [San José, Costa Rica] | ||
| 500 | |a Proyecto de graduación (bachillerato en ingeniería eléctrica)--Universidad de Costa Rica. Facultad de Ingeniería. Escuela de Ingeniería Eléctrica, 2010 "IE - 0502 Proyecto Eléctrico" | ||
| 650 | |x ROBOTICA |x CONTROL REMOTO |x SISTEMAS DE CONTROL |x CONTROL AUTOMATICO |9 2898 | ||
| 942 | |c TFG | ||
| 999 | |c 15988 |d 15988 | ||
